|
|
|
|
| LEADER |
00000nam0a2200000 4500 |
| 001 |
244490 |
| 005 |
20231101232043.0 |
| 035 |
|
|
|a (RuTPU)RU\TPU\book\265876
|
| 090 |
|
|
|a 244490
|
| 100 |
|
|
|a 20131023d2012 m y0rusy50 ca
|
| 101 |
0 |
|
|a rus
|
| 102 |
|
|
|a RU
|
| 105 |
|
|
|a a j 001zy
|
| 200 |
1 |
|
|a Основы управления ядерным реактором
|e учебное пособие
|f А. К. Попов
|g Московский государственный университет им. М. В. Ломоносова (МГУ), Научно-исследовательский институт ядерной физики им. Д. В. Скобельцына (НИИЯФ)
|
| 210 |
|
|
|a Москва
|c Изд-во МГУ
|d 2012
|
| 215 |
|
|
|a 208 с.
|c ил.
|
| 320 |
|
|
|a Библиогр.: с. 202.
|
| 330 |
|
|
|a Изложены основные теоретические аспекты управления реактором. А именно, физические основы управления реактором, характерные особенности динамики реактора нулевой и ненулевой мощности, особенности динамики импульсного реактора периодического действия как реактора, работающего в экстремальных условиях, общие принципы регулирования реактора. Изложены также избранные разделы общей теории автоматического управления, используемые при исследовании динамики реактора. Учебное пособие предназначено для студентов высших учебных заведений физического направления, для которых знание вопросов динамики ядерного реактора существенно для их будущей профессиональной деятельности, а также может быть полезно специалистам по управлению реактором.
|
| 606 |
1 |
|
|a Ядерные реакторы
|x Управление, теория
|2 stltpush
|3 (RuTPU)RU\TPU\subj\21692
|9 46646
|
| 610 |
1 |
|
|a физические основы
|
| 610 |
1 |
|
|a мощность
|
| 610 |
1 |
|
|a кинетика
|
| 610 |
1 |
|
|a реактивность
|
| 610 |
1 |
|
|a ТАУ
|
| 610 |
1 |
|
|a автоматическое управление
|
| 610 |
1 |
|
|a дифференциальные уравнения
|
| 610 |
1 |
|
|a временные характеристики
|
| 610 |
1 |
|
|a линейные системы
|
| 610 |
1 |
|
|a структурные схемы
|
| 610 |
1 |
|
|a преобразование
|
| 610 |
1 |
|
|a логарифмические частотные характеристики
|
| 610 |
1 |
|
|a устойчивость
|
| 610 |
1 |
|
|a реакторы нулевой мощности
|
| 610 |
1 |
|
|a реакторы ненулевой мощности
|
| 610 |
1 |
|
|a реакторы с автоматическим регулятором
|
| 610 |
1 |
|
|a быстрые реакторы
|
| 610 |
1 |
|
|a учебные пособия
|
| 675 |
|
|
|a 621.039.515(075.8)
|v 3
|
| 700 |
|
1 |
|a Попов
|b А. К.
|g Александр Ксенофонтович
|
| 712 |
0 |
2 |
|a Московский государственный университет им. М. В. Ломоносова (МГУ)
|b Научно-исследовательский институт ядерной физики им. Д. В. Скобельцына (НИИЯФ)
|2 stltpush
|3 (RuTPU)RU\TPU\col\11923
|
| 801 |
|
1 |
|a RU
|b 63413507
|c 20131023
|
| 801 |
|
2 |
|a RU
|b 63413507
|c 20140414
|g RCR
|
| 942 |
|
|
|c BK
|